000 00402 a2200133 4500
001 ART_12680
005 20260410161908.0
008 260409a
245 1 0 _aProject appraisal and foreign exchange constraints
100 1 _aDasgupta, Partha
700 1 _aBlitzer, C.
700 1 _aStiglitz, Joseph E.
773 0 _tThe Economic Journal
_g- Vol. 91, NÂș 361 (mar. 1981)
_wREV12512
999 _c26573
_d26573